Normal view MARC view
  • Systems Engineering Standard

Entry Topical Term

Number of records used in: 4

001 - CONTROL NUMBER

  • control field: 2172

003 - CONTROL NUMBER IDENTIFIER

  • control field: NUST

005 - DATE AND TIME OF LATEST TRANSACTION

  • control field: 20170607134942.0

008 - FIXED-LENGTH DATA ELEMENTS

  • fixed length control field: 170607|| aca||aabn | a|a d

040 ## - CATALOGING SOURCE

  • Original cataloging agency: NUST
  • Transcribing agency: NUST

150 ## - HEADING--TOPICAL TERM

  • Topical term or geographic name entry element: Systems Engineering Standard

670 ## - SOURCE DATA FOUND

  • Source citation: Work cat.: (NUST)23537: Department of Defense 2150, DEFENSE Standarization Program Performance Specification Guide, 29-June-1995
© 2023 Central Library, National University of Sciences and Technology. All Rights Reserved.